[Event "XVII Weekend A"]
[Site "Porto Sant'Elpidio ITA"]
[Date "2014.11.22"]
[Round "1"]
[White "Vannicola, Roberto"]
[Black "Guglielmi, Dante"]
[WhiteElo "1560"]
[BlackElo "1907"]
[Result "0-1"]
[PlyCount "88"]
[EventDate "2014.11.22"]

1. c4 Nf6 2. Nc3 g6 3. g3 Bg7 4. Bg2 O-O 5. Nf3 c5 6. O-O Nc6 7. a3 d6 8. d3
Rb8 9. Rb1 Bd7 10. Bd2 Qc8 11. Re1 Ng4 12. h4 h6 13. Nh2 Nce5 14. Nd5 Re8 15.
Nxg4 Bxg4 16. Qc1 Kh7 17. f3 Bd7 18. Bc3 b5 19. b3 e6 20. Ne3 bxc4 21. Nxc4
Nxc4 22. Bxg7 Kxg7 23. dxc4 Qc7 24. Qd2 d5 25. cxd5 Qxg3 26. dxe6 Bxe6 27. Qc3+
Kh7 28. Qxc5 Rxb3 29. Qxa7 Reb8 30. Rbc1 Qxh4 31. a4 Qg3 32. a5 Ra3 33. Rb1
Rxb1 34. Rxb1 Ra2 35. Qf2 Qe5 36. Re1 Qxa5 37. Qf1 Bc4 38. Qf2 Qd2 39. Bf1 h5
40. Qc5 Qxe1 41. Qxc4 Qg3+ 42. Kh1 Ra7 43. Qd4 Rc7 44. Qd8 Rc1 0-1

[Event "XVII Weekend A"]
[Site "Porto Sant'Elpidio ITA"]
[Date "2014.11.23"]
[Round "2"]
[White "Beccarini, Giacomo"]
[Black "Skrijely, Edin"]
[WhiteElo "1516"]
[BlackElo "1673"]
[Result "0-1"]
[PlyCount "62"]
[EventDate "2014.11.22"]

1. e4 Nc6 2. d4 d5 3. e5 Bf5 4. Bb5 e6 5. Nf3 Nge7 6. O-O a6 7. Ba4 b5 8. Bb3
Na5 9. Bd2 Nc4 10. Bxc4 dxc4 11. a4 Nd5 12. c3 b4 13. b3 Bxb1 14. Rxb1 Nxc3 15.
Bxc3 bxc3 16. bxc4 Ba3 17. Qb3 Bb2 18. Rfd1 Rb8 19. Qc2 O-O 20. d5 Qe7 21. d6
cxd6 22. exd6 Qf6 23. Rd4 Rfd8 24. Rh4 Qg6 25. Qxg6 hxg6 26. Ne1 Rxd6 27. Rh3
Rdb6 28. Nc2 Ba1 29. Rxa1 Rb1+ 30. Ne1 Rxa1 31. Re3 c2 0-1

[Event "XVII Weekend A"]
[Site "Porto Sant'Elpidio ITA"]
[Date "2014.11.23"]
[Round "2"]
[White "Doric, Senad"]
[Black "Ferri, Stefano"]
[WhiteElo "1794"]
[BlackElo "2190"]
[Result "1/2-1/2"]
[PlyCount "50"]
[EventDate "2014.11.22"]

1. d4 d6 2. g3 f5 3. Bg2 Nf6 4. c4 e5 5. dxe5 dxe5 6. Qxd8+ Kxd8 7. Nc3 Bb4 8.
Bd2 c6 9. Nf3 Nbd7 10. O-O Re8 11. Rfd1 a5 12. a3 Bf8 13. Nh4 Nc5 14. Bg5+ Ke7
15. b4 axb4 16. axb4 Rxa1 17. Rxa1 Nb3 18. Rb1 Nd4 19. e3 Nc2 20. b5 Na3 21.
Ra1 Nxc4 22. bxc6 bxc6 23. Bxc6 Rd8 24. Ra7+ Kd6 25. Bb5 Nb6 1/2-1/2

[Event "XVII Weekend A"]
[Site "Porto Sant'Elpidio ITA"]
[Date "2014.11.23"]
[Round "2"]
[White "Guglielmi, Dante"]
[Black "Di Donatantonio, Franco"]
[WhiteElo "1907"]
[BlackElo "2115"]
[Result "0-1"]
[PlyCount "46"]
[EventDate "2014.11.22"]

1. c4 d6 2. Nc3 e5 3. g3 Nf6 4. Bg2 Be7 5. e3 O-O 6. Nge2 c6 7. O-O Be6 8. b3
Qc8 9. Re1 Bh3 10. Bh1 Qf5 11. d4 Bg4 12. f4 Nbd7 13. fxe5 dxe5 14. Rf1 Qh5 15.
Qc2 Rfe8 16. dxe5 Nxe5 17. Nf4 Qh6 18. Bd2 Rad8 19. Nfe2 Bxe2 20. Nxe2 Neg4 21.
h4 Nxe3 22. Qc3 Bc5 23. Bxe3 Rxe3 0-1

[Event "XVII Weekend A"]
[Site "Porto Sant'Elpidio ITA"]
[Date "2014.11.23"]
[Round "2"]
[White "Marchetti, Michael"]
[Black "Bakiji, Sefer"]
[WhiteElo "1653"]
[BlackElo "1710"]
[Result "1-0"]
[PlyCount "47"]
[EventDate "2014.11.22"]

1. Nf3 d5 2. d4 Nc6 3. b3 e5 4. Nxe5 Qf6 5. Nxc6 Qxc6 6. Bb2 Bf5 7. c3 Qg6 8.
e3 Bd6 9. Nd2 Nf6 10. Nf3 Qh6 11. Bd3 Bg4 12. Be2 Bf5 13. a3 O-O-O 14. c4 c6
15. b4 g5 16. c5 Bc7 17. Ne5 Rhf8 18. Qa4 Kb8 19. b5 Bxe5 20. dxe5 Nd7 21. Bd4
cxb5 22. Bxb5 a6 23. c6 b6 24. Qxa6 1-0

[Event "XVII Weekend A"]
[Site "Porto Sant'Elpidio ITA"]
[Date "2014.11.23"]
[Round "2"]
[White "Medorini, Massimiliano"]
[Black "Santinelli, Michele"]
[WhiteElo "1890"]
[BlackElo "1837"]
[Result "0-1"]
[PlyCount "46"]
[EventDate "2014.11.22"]

1. e4 d5 2. exd5 Qxd5 3. Nc3 Qd6 4. d4 Nf6 5. Nf3 a6 6. Bg5 Bf5 7. Bc4 Nc6 8.
O-O e6 9. a3 Be7 10. Re1 O-O-O 11. Ne5 Rhf8 12. g4 Nxg4 13. Bxe7 Qxe7 14. Nxc6
Qh4 15. Qf3 Qxh2+ 16. Kf1 bxc6 17. Bxa6+ Kd7 18. d5 Nh6 19. dxe6+ fxe6 20. Qe3
Bg4 21. Rad1+ Ke7 22. Qc5+ Rd6 23. Nd5+ Kf7 0-1

[Event "XVII Weekend A"]
[Site "Porto Sant'Elpidio ITA"]
[Date "2014.11.23"]
[Round "2"]
[White "Pizzicotti, Virginia"]
[Black "Vannicola, Roberto"]
[WhiteElo "1700"]
[BlackElo "1560"]
[Result "1/2-1/2"]
[PlyCount "119"]
[EventDate "2014.11.22"]

1. e4 c6 2. d4 d5 3. e5 Bf5 4. Nf3 h6 5. c3 e6 6. Be2 Nd7 7. Nbd2 c5 8. dxc5
Bxc5 9. Nb3 Bb6 10. Bd3 Bxd3 11. Qxd3 Ne7 12. Bf4 Ng6 13. Bg3 O-O 14. O-O Qc7
15. Rfe1 Nc5 16. Nxc5 Bxc5 17. h4 Ne7 18. Bf4 Qb6 19. Qd2 Ng6 20. Be3 Bxe3 21.
Rxe3 Rac8 22. g3 Ne7 23. Nd4 Nc6 24. Nb3 Na5 25. Nxa5 Qxa5 26. Rd3 Qb6 27. Rd1
Rfd8 28. Rd4 Qa5 29. a3 b5 30. a4 bxa4 31. Qf4 Qb5 32. Rb4 Qe2 33. Rd2 Qa6 34.
Rxa4 Qb6 35. Rb4 Qc6 36. Qd4 a5 37. Rb6 Qc5 38. Qxc5 Rxc5 39. Rd4 Rdc8 40. Ra6
Rb5 41. b4 Rxc3 42. bxa5 Ra3 43. Ra8+ Kh7 44. Ra7 Rbxa5 45. Rxf7 R5a4 46. Rff4
Rxd4 47. Rxd4 h5 48. Kg2 Kh6 49. Kh3 Rf3 50. Kg2 Rf7 51. f4 Kg6 52. Kf3 Kf5 53.
Rd3 Ra7 54. Re3 Rd7 55. Rd3 Rd8 56. Rd4 Ra8 57. Rd3 Ra4 58. Re3 Ra8 59. Rd3 Rd8
60. Rd4 1/2-1/2

[Event "XVII Weekend A"]
[Site "Porto Sant'Elpidio ITA"]
[Date "2014.11.23"]
[Round "2"]
[White "Ricci, Alessio"]
[Black "Foglia, Maurizio"]
[WhiteElo "1893"]
[BlackElo "2071"]
[Result "0-1"]
[PlyCount "70"]
[EventDate "2014.11.22"]

1. d4 Nf6 2. Nf3 c5 3. e3 g6 4. dxc5 Qa5+ 5. Nc3 Qxc5 6. e4 d6 7. a3 a6 8. Be3
Qc7 9. Be2 Nbd7 10. h3 Bg7 11. O-O O-O 12. Bd4 e6 13. Qd2 b5 14. Ne1 Bb7 15.
Bf3 Ne5 16. Bxe5 dxe5 17. Qe3 Rfd8 18. Nd3 Nd7 19. Rac1 Nb6 20. Rfd1 Rac8 21.
Nb1 Nc4 22. Qg5 f5 23. Re1 Nd6 24. Nd2 Nf7 25. Qe3 Bh6 26. Qe2 Ng5 27. exf5
Nxf3+ 28. gxf3 exf5 29. Red1 e4 30. fxe4 fxe4 31. Ne1 e3 32. fxe3 Qg3+ 33. Ng2
Bxg2 34. Qxg2 Bxe3+ 35. Kh1 Qxg2+ 0-1

[Event "XVII Weekend A"]
[Site "Porto Sant'Elpidio ITA"]
[Date "2014.11.23"]
[Round "2"]
[White "Rinaudo, Andrea"]
[Black "Nasini, Rodolfo"]
[WhiteElo "2058"]
[BlackElo "1348"]
[Result "1-0"]
[PlyCount "49"]
[EventDate "2014.11.22"]

1. e4 e5 2. Nf3 Nc6 3. Nc3 Nf6 4. Bb5 Bc5 5. O-O O-O 6. d3 h6 7. Bxc6 dxc6 8.
Nxe5 Bd4 9. Nc4 Bxc3 10. bxc3 Re8 11. h3 Be6 12. Ne3 Qd6 13. f4 Qc5 14. f5 Bc8
15. c4 Qd4 16. Rb1 b6 17. Qf3 Bd7 18. Bb2 Qc5 19. Bxf6 gxf6 20. Kh1 Qf8 21. Qh5
Qg7 22. Rf4 Kh7 23. Rg4 Qf8 24. Rf1 Qh8 25. Qxf7+ 1-0

[Event "XVII Weekend A"]
[Site "Porto Sant'Elpidio ITA"]
[Date "2014.11.23"]
[Round "2"]
[White "Rinaudo, Sergio"]
[Black "Padovani, Alessio"]
[WhiteElo "2074"]
[BlackElo "1895"]
[Result "1-0"]
[PlyCount "95"]
[EventDate "2014.11.22"]

1. d4 e6 2. c4 d5 3. Nf3 dxc4 4. Nc3 c5 5. e3 Nf6 6. Bxc4 Be7 7. O-O O-O 8. Qe2
Nc6 9. Rd1 Qc7 10. a3 a6 11. dxc5 Bxc5 12. b4 Be7 13. Bb2 b5 14. Bd3 e5 15.
Rac1 Qb6 16. Ne4 Bg4 17. h3 Bh5 18. Nxf6+ Bxf6 19. Bxh7+ Kxh7 20. Qc2+ Kg8 21.
Qxc6 Qxc6 22. Rxc6 e4 23. Bxf6 exf3 24. g4 Bg6 25. Be5 Be4 26. Rc5 Rfc8 27.
Rdc1 Bb7 28. Kh2 f6 29. Bd4 Rxc5 30. Rxc5 Rf8 31. h4 Rf7 32. Kg3 Re7 33. g5
fxg5 34. hxg5 Kh7 35. Re5 Rxe5 36. Bxe5 Kg6 37. Kf4 Kf7 38. e4 g6 39. Kxf3 Ke6
40. Bg3 Bc8 41. Ke3 Ke7 42. Kd4 Be6 43. Ke5 Bb3 44. f4 Ba2 45. f5 Bf7 46. Bf2
gxf5 47. Bc5+ Ke8 48. exf5 1-0

[Event "XVII Weekend A"]
[Site "Porto Sant'Elpidio ITA"]
[Date "2014.11.23"]
[Round "2"]
[White "Viviani, Alessio"]
[Black "Renzetti, Leonardo"]
[WhiteElo "2132"]
[BlackElo "2024"]
[Result "1-0"]
[PlyCount "43"]
[EventDate "2014.11.22"]

1. d4 Nf6 2. c4 c5 3. d5 e6 4. Nc3 exd5 5. cxd5 d6 6. e4 g6 7. f4 Bg7 8. Bb5+
Nfd7 9. a4 O-O 10. Nf3 Re8 11. O-O a6 12. Bc4 Qa5 13. Bd2 Qb4 14. Nb5 Qxc4 15.
Nxd6 Qd3 16. Ra3 Qxf1+ 17. Qxf1 Rd8 18. e5 Nb6 19. a5 Nxd5 20. Nxc8 Rxc8 21.
Qc4 Rd8 22. Rd3 1-0

[Event "XVII Weekend A"]
[Site "Porto Sant'Elpidio ITA"]
[Date "2014.11.23"]
[Round "3"]
[White "Bakiji, Sefer"]
[Black "Pizzicotti, Virginia"]
[WhiteElo "1710"]
[BlackElo "1700"]
[Result "1-0"]
[PlyCount "135"]
[EventDate "2014.11.22"]

1. e4 c5 2. d4 cxd4 3. Qxd4 Nc6 4. Qd1 e6 5. Be3 d6 6. Nc3 a6 7. a3 Nf6 8. f3
Be7 9. Bc4 Qc7 10. Ba2 b5 11. Nge2 Bb7 12. O-O Rc8 13. Nf4 Qd7 14. Qd2 Ne5 15.
Rad1 O-O 16. Nd3 Nc4 17. Bxc4 bxc4 18. Nf2 Bc6 19. b4 Qb7 20. Rb1 Rb8 21. a4
Qd7 22. a5 Bb5 23. Rfd1 Rfd8 24. Qe2 Qb7 25. Bb6 Rd7 26. Nxb5 axb5 27. c3 Qc6
28. Qe3 Rdb7 29. f4 Nd7 30. Bd4 e5 31. fxe5 dxe5 32. Ba7 Ra8 33. Bb6 Nxb6 34.
axb6 Rxb6 35. Rd5 f6 36. Rbd1 Rb7 37. Qd2 Raa7 38. Ng4 Qe6 39. Ne3 g6 40. h3 f5
41. exf5 gxf5 42. Qc2 f4 43. Ng4 Qg6 44. Qxg6+ hxg6 45. Nxe5 Kg7 46. Nc6 Ra3
47. Rd7 Rxd7 48. Rxd7 Rxc3 49. Rxe7+ Kf6 50. Re1 Re3 51. Kf2 Rb3 52. Rc1 Rb2+
53. Kf3 g5 54. Rd1 Rb3+ 55. Kf2 Rb2+ 56. Kf1 c3 57. Rc1 c2 58. Kf2 Ke6 59. Nd4+
Kd5 60. Nxc2 Kc4 61. Ke2 Kc3 62. Kd1 Kd3 63. Ne1+ Ke3 64. Rc3+ Kd4 65. Rc5 Rb1+
66. Kd2 Rb2+ 67. Nc2+ Ke4 68. Rxg5 1-0

[Event "XVII Weekend A"]
[Site "Porto Sant'Elpidio ITA"]
[Date "2014.11.23"]
[Round "3"]
[White "Di Donatantonio, Franco"]
[Black "Rinaudo, Sergio"]
[WhiteElo "2115"]
[BlackElo "2074"]
[Result "1/2-1/2"]
[PlyCount "58"]
[EventDate "2014.11.22"]

1. d3 d5 2. Nd2 e5 3. e4 Nf6 4. Ngf3 Nc6 5. Be2 Be7 6. O-O O-O 7. c3 a5 8. Qc2
Re8 9. Re1 h6 10. Nf1 Bc5 11. Be3 Bxe3 12. Nxe3 Qd6 13. Rad1 Be6 14. exd5 Bxd5
15. d4 exd4 16. Nxd4 Nxd4 17. Rxd4 Qe6 18. c4 Be4 19. Qd1 Qc6 20. Bd3 Qb6 21.
Bxe4 Rxe4 22. Rxe4 Nxe4 23. Qe2 Nf6 24. Qc2 Re8 25. Rd1 Qc5 26. h3 c6 27. Qd3
Qb4 28. b3 b5 29. Qd6 bxc4 1/2-1/2

[Event "XVII Weekend A"]
[Site "Porto Sant'Elpidio ITA"]
[Date "2014.11.23"]
[Round "3"]
[White "Ferri, Stefano"]
[Black "Rinaudo, Andrea"]
[WhiteElo "2190"]
[BlackElo "2058"]
[Result "1/2-1/2"]
[PlyCount "26"]
[EventDate "2014.11.22"]

1. d4 d5 2. Nf3 Nf6 3. Bg5 Nbd7 4. e3 e6 5. Bd3 Be7 6. Nbd2 c5 7. c3 h6 8. Bh4
O-O 9. O-O b6 10. Qe2 Bb7 11. Ba6 Bxa6 12. Qxa6 Qc8 13. Qxc8 Rfxc8 1/2-1/2

[Event "XVII Weekend A"]
[Site "Porto Sant'Elpidio ITA"]
[Date "2014.11.23"]
[Round "3"]
[White "Foglia, Maurizio"]
[Black "Viviani, Alessio"]
[WhiteElo "2071"]
[BlackElo "2132"]
[Result "0-1"]
[PlyCount "108"]
[EventDate "2014.11.22"]

1. d4 Nf6 2. Bg5 Ne4 3. Bf4 g5 4. Be5 Rg8 5. Nd2 Nxd2 6. Qxd2 Nc6 7. Bg3 d5 8.
e3 Bf5 9. Bb5 h5 10. h4 g4 11. Ne2 Bh6 12. Bd3 Bxd3 13. Qxd3 Rg6 14. Qf5 Qd7
15. Qxd7+ Kxd7 16. O-O-O e6 17. Kb1 Ne7 18. c4 c6 19. cxd5 exd5 20. Bf4 Nf5 21.
Bxh6 Rxh6 22. Nf4 g3 23. fxg3 Rg8 24. Nd3 Rxg3 25. e4 Rxd3 26. Rxd3 dxe4 27.
Rb3 b6 28. Rf1 Nxd4 29. Ra3 f5 30. Rxa7+ Kd6 31. Ra4 c5 32. b4 c4 33. b5 Kd5
34. Ra8 Kc5 35. a4 Rg6 36. Rc8+ Kb4 37. Rc1 Ne2 38. R8xc4+ Kb3 39. Rc6 Rxg2 40.
Rf1 e3 41. a5 Nc3+ 42. Rxc3+ Kxc3 43. a6 Rb2+ 44. Kc1 Rxb5 45. Rf3 Kd3 46. a7
Rc5+ 47. Kb2 Ra5 48. Rxf5 Rxa7 49. Rxh5 Ra5 50. Rh6 Rd5 51. Kc1 e2 52. Re6 Rc5+
53. Kb2 Rc4 54. h5 Re4 0-1

[Event "XVII Weekend A"]
[Site "Porto Sant'Elpidio ITA"]
[Date "2014.11.23"]
[Round "3"]
[White "Nasini, Rodolfo"]
[Black "Medorini, Massimiliano"]
[WhiteElo "1348"]
[BlackElo "1890"]
[Result "0-1"]
[PlyCount "78"]
[EventDate "2014.11.22"]

1. e4 e5 2. Nf3 Nc6 3. Bb5 a6 4. Ba4 Nf6 5. O-O b5 6. Bb3 Bc5 7. c3 d6 8. Re1
O-O 9. d4 Bb6 10. h3 h6 11. dxe5 Nxe5 12. Nxe5 dxe5 13. Nd2 Bb7 14. Bc2 Re8 15.
Qe2 Qe7 16. b4 Rad8 17. Nb3 Rd7 18. Be3 Qd8 19. Bxb6 cxb6 20. Rad1 Qc7 21. Rxd7
Nxd7 22. Qe3 Nf6 23. Rd1 Qc6 24. Nd2 Rc8 25. f3 Qxc3 26. Qxc3 Rxc3 27. Bb3 Kf8
28. Kf2 Ke7 29. Nf1 a5 30. bxa5 bxa5 31. Ne3 a4 32. Nf5+ Kf8 33. Rd8+ Ne8 34.
Nd6 Bc6 35. Bd5 Ke7 36. Bxc6 Kxd8 37. Nxe8 Rxc6 38. Nxg7 Rc2+ 39. Kg3 Rxa2 0-1

[Event "XVII Weekend A"]
[Site "Porto Sant'Elpidio ITA"]
[Date "2014.11.23"]
[Round "3"]
[White "Padovani, Alessio"]
[Black "Marchetti, Michael"]
[WhiteElo "1895"]
[BlackElo "1653"]
[Result "1-0"]
[PlyCount "99"]
[EventDate "2014.11.22"]

1. c4 Nf6 2. g3 c6 3. Bg2 d5 4. d4 Bf5 5. Nc3 e6 6. Nf3 Nbd7 7. b3 Be7 8. O-O
O-O 9. Nh4 Bg6 10. Nxg6 hxg6 11. Bf4 Nh5 12. Bc1 Qc7 13. cxd5 cxd5 14. Bb2 Rac8
15. Qd3 Qb8 16. a3 a6 17. e4 dxe4 18. Qxe4 Rc7 19. d5 Nc5 20. Qe3 Rd7 21. b4
Na4 22. Nxa4 exd5 23. Nb6 Rd6 24. Be5 Re6 25. Bxb8 Rxe3 26. fxe3 Rxb8 27. Nxd5
Bg5 28. Nf4 Re8 29. Nxh5 gxh5 30. e4 Rc8 31. Rfe1 h4 32. e5 hxg3 33. hxg3 Rc3
34. Bxb7 Rxg3+ 35. Kh1 Bh4 36. Re4 g5 37. Rxh4 gxh4 38. Bxa6 Kg7 39. b5 Rb3 40.
a4 Kg6 41. a5 Kf5 42. b6 Kg4 43. Bc8+ Kg3 44. a6 Rb2 45. Ra3+ Kf2 46. a7 Rb1+
47. Kh2 h3 48. a8=Q f5 49. Ra2+ Ke3 50. Qa3+ 1-0

[Event "XVII Weekend A"]
[Site "Porto Sant'Elpidio ITA"]
[Date "2014.11.23"]
[Round "3"]
[White "Renzetti, Leonardo"]
[Black "De Viti, Dario"]
[WhiteElo "2024"]
[BlackElo "1348"]
[Result "1-0"]
[PlyCount "89"]
[EventDate "2014.11.22"]

1. d4 d5 2. c4 dxc4 3. Nc3 e6 4. e4 Bb4 5. Qa4+ Nc6 6. d5 Bxc3+ 7. bxc3 exd5 8.
exd5 Qxd5 9. Nf3 b5 10. Qc2 Bf5 11. Qe2+ Qe6 12. a4 Qxe2+ 13. Bxe2 Rb8 14. axb5
Rxb5 15. Bxc4 Rc5 16. Be2 Ra5 17. Rxa5 Nxa5 18. Be3 Ne7 19. Bxa7 O-O 20. O-O
Re8 21. Nd4 Nac6 22. Bb5 Ra8 23. Bc5 Nxd4 24. cxd4 c6 25. Be2 Nd5 26. h3 Ra2
27. Re1 g6 28. Bf3 Be6 29. Rb1 Ra8 30. Kh2 Kg7 31. g4 Kf6 32. h4 h6 33. Kg3 Bd7
34. Re1 Re8 35. Ra1 g5 36. h5 Re6 37. Ra7 Be8 38. Ra1 Nc3 39. Bf8 Ne2+ 40. Bxe2
Rxe2 41. Bxh6 Bd7 42. Ra5 Re4 43. Rxg5 Rxd4 44. Rg8 Rd6 45. Bg5+ 1-0

[Event "XVII Weekend A"]
[Site "Porto Sant'Elpidio ITA"]
[Date "2014.11.23"]
[Round "3"]
[White "Santinelli, Michele"]
[Black "Guglielmi, Dante"]
[WhiteElo "1837"]
[BlackElo "1907"]
[Result "0-1"]
[PlyCount "121"]
[EventDate "2014.11.22"]

1. d4 d5 2. Bg5 g6 3. e3 Bg7 4. Nf3 Nf6 5. c4 c6 6. Nc3 O-O 7. Qb3 e6 8. Bd3
Nbd7 9. c5 Re8 10. Ne5 Qa5 11. f4 Qc7 12. O-O b6 13. cxb6 axb6 14. Qc2 Nxe5 15.
fxe5 Ng4 16. h3 f6 17. Nb5 Qb8 18. Qxc6 Ba6 19. Rad1 Nxe5 20. dxe5 fxg5 21. Nc7
Bxd3 22. Rxd3 Bxe5 23. Qxe8+ Qxe8 24. Nxe8 Rxe8 25. Rb3 d4 26. Rb5 Bg7 27. Rxb6
dxe3 28. Rb7 Bd4 29. Kh2 Rc8 30. a4 e2 31. Re1 Rc2 32. a5 Bf2 33. Ra1 e1=Q 34.
Rxe1 Bxe1 35. a6 Bf2 36. b4 Be3 37. b5 Rb2 38. b6 Bxb6 39. a7 Bxa7 40. Rxb2 Bd4
41. Rb7 h5 42. Kg3 Kf8 43. Kf3 Be5 44. Rh7 Bg7 45. Ke4 Kg8 46. Rxg7+ Kxg7 47.
Ke5 Kf7 48. g3 Ke7 49. Kd4 Kd6 50. Ke4 e5 51. Ke3 Kd5 52. Kd3 e4+ 53. Ke3 Ke5
54. Ke2 Kd4 55. Kd2 e3+ 56. Ke2 Ke4 57. h4 g4 58. Ke1 Kf3 59. Kf1 Kxg3 60. Ke2
Kxh4 61. Kxe3 0-1

[Event "XVII Weekend A"]
[Site "Porto Sant'Elpidio ITA"]
[Date "2014.11.23"]
[Round "3"]
[White "Skrijely, Edin"]
[Black "Ricci, Alessio"]
[WhiteElo "1673"]
[BlackElo "1893"]
[Result "0-1"]
[PlyCount "74"]
[EventDate "2014.11.22"]

1. e4 Nf6 2. e5 Nd5 3. c4 Nb6 4. d4 d6 5. f4 g6 6. Nf3 Bg7 7. Nc3 O-O 8. Bd3
Be6 9. b3 c5 10. d5 Bg4 11. O-O dxe5 12. Qe1 exf4 13. Bxf4 N8d7 14. Rc1 Rc8 15.
Qg3 Nf6 16. Ne4 Bxf3 17. Nxf6+ Bxf6 18. Rxf3 Nd7 19. Re1 e5 20. dxe6 Bh4 21.
Qh3 Bxe1 22. exd7 Ra8 23. Bd6 Qg5 24. Bxf8 Rxf8 25. Re3 Bc3 26. Rf3 f5 27. g4
Rd8 28. Qg2 fxg4 29. h4 Bd4+ 30. Kh1 Qxh4+ 31. Rh3 Qxh3+ 32. Qxh3 gxh3 33. Kh2
Rxd7 34. Kxh3 Be3 35. Be4 b6 36. Bd5+ Kg7 37. Kg4 Kf6 0-1

[Event "XVII Weekend A"]
[Site "Porto Sant'Elpidio ITA"]
[Date "2014.11.23"]
[Round "3"]
[White "Vannicola, Roberto"]
[Black "Doric, Senad"]
[WhiteElo "1560"]
[BlackElo "1794"]
[Result "0-1"]
[PlyCount "46"]
[EventDate "2014.11.22"]

1. c4 Nf6 2. Nc3 e5 3. g3 d5 4. cxd5 Nxd5 5. Bg2 c6 6. d3 Bb4 7. Bd2 O-O 8. a3
Ba5 9. b4 Bc7 10. Nxd5 cxd5 11. Qc2 Re8 12. Nf3 Bg4 13. h3 Bh5 14. Bc3 Nd7 15.
Nh2 Nf8 16. O-O Bb6 17. Bb2 Qd7 18. Bf3 Bxf3 19. Nxf3 Qxh3 20. Bxe5 Rxe5 21. e3
Rh5 22. Nh4 Ng6 23. Qe2 Nxh4 0-1

[Event "XVII Weekend A"]
[Site "Porto Sant'Elpidio ITA"]
[Date "2014.11.29"]
[Round "4"]
[White "De Viti, Dario"]
[Black "Skrijely, Edin"]
[WhiteElo "1348"]
[BlackElo "1673"]
[Result "0-1"]
[PlyCount "80"]
[EventDate "2014.11.22"]

1. e4 c5 2. c4 e6 3. Nc3 Nc6 4. Nf3 d6 5. g3 g6 6. b3 Bg7 7. Bb2 Nf6 8. Rb1 O-O
9. Bg2 e5 10. O-O Bg4 11. Qe1 Qd7 12. a3 a6 13. Nd5 Nxd5 14. exd5 Na5 15. d3
Bxf3 16. Bxf3 Nxb3 17. Bc3 Nd4 18. Bxd4 exd4 19. Qd2 Rfe8 20. Rfe1 Rxe1+ 21.
Qxe1 Re8 22. Qd2 Qf5 23. Be4 Qd7 24. Rb6 f5 25. Bf3 h5 26. h4 Kh7 27. Qg5 Qf7
28. Rxd6 Rf8 29. Qd2 Qe7 30. Re6 Qd7 31. Qa5 f4 32. Bg2 fxg3 33. fxg3 Qf7 34.
Qd2 Bh6 35. Qe2 Be3+ 36. Kh2 Qg7 37. Kh3 Rf2 38. d6 Qd7 39. Bd5 Rxe2 40. g4 Bh6
0-1

[Event "XVII Weekend A"]
[Site "Porto Sant'Elpidio ITA"]
[Date "2014.11.29"]
[Round "4"]
[White "Ferri, Stefano"]
[Black "Padovani, Alessio"]
[WhiteElo "2190"]
[BlackElo "1895"]
[Result "1-0"]
[PlyCount "59"]
[EventDate "2014.11.22"]

1. c4 f5 2. Nc3 Nf6 3. Qc2 e6 4. g3 Nc6 5. Bg2 Be7 6. Nh3 O-O 7. O-O Qe8 8. Rd1
a6 9. d4 d6 10. d5 exd5 11. Nxd5 Nxd5 12. cxd5 Ne5 13. Qxc7 Bf6 14. Qxd6 Nc4
15. Qb4 Qxe2 16. Bg5 Bxb2 17. Bf1 Qh5 18. Qxc4 Bxa1 19. d6+ Kh8 20. Rxa1 f4 21.
Be7 Bxh3 22. Bxf8 Bxf1 23. Qxf4 Bb5 24. Re1 Qd5 25. Bxg7+ Kxg7 26. Re7+ Kg6 27.
Qg4+ Kf6 28. Qh4+ Kg6 29. Qxh7+ Kf6 30. Qh6+ 1-0

[Event "XVII Weekend A"]
[Site "Porto Sant'Elpidio ITA"]
[Date "2014.11.29"]
[Round "4"]
[White "Guglielmi, Dante"]
[Black "Foglia, Maurizio"]
[WhiteElo "1907"]
[BlackElo "2071"]
[Result "1/2-1/2"]
[PlyCount "97"]
[EventDate "2014.11.22"]

1. c4 Nf6 2. Nc3 g6 3. g3 Bg7 4. Bg2 O-O 5. e3 c6 6. Nge2 d5 7. cxd5 cxd5 8.
O-O Nc6 9. d4 e6 10. b3 a6 11. Ba3 Re8 12. Rc1 Bd7 13. Na4 b6 14. Qd3 Na7 15.
Nec3 Nb5 16. Bb2 Nxc3 17. Nxc3 b5 18. Rfd1 b4 19. Ne2 Bb5 20. Qd2 Bf8 21. Nf4
Bd6 22. Nd3 Bxd3 23. Qxd3 Qa5 24. Rc2 Rec8 25. Rdc1 Rxc2 26. Qxc2 Qd8 27. Qc6
a5 28. e4 Nxe4 29. Bxe4 dxe4 30. Qxe4 Be7 31. Qb7 Rb8 32. Qc7 Bf6 33. Qxd8+
Rxd8 34. Rc5 Rd5 35. Rxd5 exd5 36. Kf1 Kf8 37. Ke2 Ke7 38. Kd3 Ke6 39. Bc1 Kf5
40. h3 h5 41. a4 Bd8 42. f3 Bc7 43. g4+ Ke6 44. Bh6 f5 45. gxh5 gxh5 46. Ke3
Kf6 47. h4 Kg6 48. Bf4 Bd8 49. Bg3 1/2-1/2

[Event "XVII Weekend A"]
[Site "Porto Sant'Elpidio ITA"]
[Date "2014.11.29"]
[Round "4"]
[White "Marchetti, Michael"]
[Black "Beccarini, Giacomo"]
[WhiteElo "1653"]
[BlackElo "1516"]
[Result "1-0"]
[PlyCount "97"]
[EventDate "2014.11.22"]

1. Nf3 c5 2. e3 d5 3. d4 Bf5 4. Bd3 e6 5. b3 Nf6 6. Bb2 Nbd7 7. O-O g6 8. Ne5
Bg7 9. Bb5 Rc8 10. g4 Be4 11. f3 Bxc2 12. Qxc2 cxd4 13. Qe2 a6 14. Nxd7 Nxd7
15. Bxd7+ Qxd7 16. exd4 O-O 17. Na3 Qd6 18. Qd2 Rfe8 19. Rfe1 e5 20. dxe5 Bxe5
21. Bxe5 Rxe5 22. Rxe5 Qxe5 23. Re1 Qd6 24. Nb1 Qc5+ 25. Kg2 Qc2 26. Rd1 d4 27.
Qxc2 Rxc2+ 28. Rd2 Rc1 29. Na3 Ra1 30. Kf2 Kg7 31. Ke2 Kf6 32. Nc4 b5 33. Nd6
Ke6 34. Ne4 Ke5 35. Nc5 a5 36. Nb7 a4 37. bxa4 bxa4 38. Nc5 a3 39. Nb3 Rb1 40.
Nxd4 Rb2 41. Nb3 Rxd2+ 42. Kxd2 Kf4 43. Ke2 h5 44. gxh5 gxh5 45. Nd4 Kg5 46.
Kf2 f5 47. Nc2 Kh4 48. Kg2 f4 49. Nxa3 1-0

[Event "XVII Weekend A"]
[Site "Porto Sant'Elpidio ITA"]
[Date "2014.11.29"]
[Round "4"]
[White "Medorini, Massimiliano"]
[Black "Doric, Senad"]
[WhiteElo "1890"]
[BlackElo "1794"]
[Result "0-1"]
[PlyCount "82"]
[EventDate "2014.11.22"]

1. e4 e5 2. Nf3 Nf6 3. Bc4 Nxe4 4. Qe2 d5 5. Nxe5 Be7 6. d4 O-O 7. Bd3 Re8 8.
Be3 f6 9. Nf3 Bd6 10. Nbd2 f5 11. g3 c5 12. O-O-O c4 13. Bxe4 fxe4 14. Ne5 Nc6
15. Bf4 Nxd4 16. Qe3 Nf5 17. Qc3 Qf6 18. Ng4 Qxc3 19. bxc3 Ba3+ 20. Kb1 Nxg3
21. Nh6+ gxh6 22. hxg3 Bg4 23. Rde1 h5 24. Nf1 Bf3 25. Rg1 Kf7 26. Ne3 Rad8 27.
Nf5 Bc5 28. Nd4 Bg4 29. Kc1 Rg8 30. Kd2 Rg6 31. Rb1 b6 32. Rh1 Kg8 33. Rh2 Rf8
34. Nb5 Rf7 35. Nd4 a6 36. Ke1 b5 37. Kd2 Rb6 38. Rhh1 b4 39. Be3 Rfb7 40. Ne2
bxc3+ 41. Nxc3 d4 0-1

[Event "XVII Weekend A"]
[Site "Porto Sant'Elpidio ITA"]
[Date "2014.11.29"]
[Round "4"]
[White "Pizzicotti, Virginia"]
[Black "Nasini, Rodolfo"]
[WhiteElo "1700"]
[BlackElo "1348"]
[Result "1-0"]
[PlyCount "63"]
[EventDate "2014.11.22"]

1. e4 e5 2. Bc4 Bc5 3. Nc3 Nf6 4. d3 h6 5. h3 Nc6 6. f4 d6 7. Na4 Bb6 8. Nxb6
axb6 9. Bb5 O-O 10. Nf3 Re8 11. O-O Bd7 12. a3 Nd4 13. Nxd4 exd4 14. Bc4 Be6
15. Bxe6 Rxe6 16. Qf3 c6 17. g4 Nh7 18. Qf2 d5 19. e5 c5 20. Bd2 f6 21. exf6
Qxf6 22. Qf3 Qd8 23. Rae1 Qd7 24. Rxe6 Qxe6 25. f5 Qf7 26. Re1 b5 27. Re6 Ra6
28. Qxd5 Rxe6 29. fxe6 Qe7 30. Qd7 Kf8 31. Qc8+ Qe8 32. Qxc5+ 1-0

[Event "XVII Weekend A"]
[Site "Porto Sant'Elpidio ITA"]
[Date "2014.11.29"]
[Round "4"]
[White "Ricci, Alessio"]
[Black "Renzetti, Leonardo"]
[WhiteElo "1893"]
[BlackElo "2024"]
[Result "1-0"]
[PlyCount "47"]
[EventDate "2014.11.22"]

1. d4 Nf6 2. c4 c5 3. d5 e6 4. Nc3 exd5 5. cxd5 d6 6. Nf3 g6 7. e3 Bg7 8. Bd3
O-O 9. h3 a6 10. a4 Re8 11. O-O Nbd7 12. Re1 Qc7 13. e4 Rb8 14. Bf4 c4 15. Bf1
b5 16. axb5 axb5 17. Nd4 Qb6 18. Ndxb5 Nxe4 19. Rxe4 Rxe4 20. Nxe4 Qxb5 21.
Nxd6 Qxb2 22. Rc1 Be5 23. Nxc4 Qd4 24. Bxe5 1-0